Statystyki dla Piłka nożna quiz #35 - Reprezentacje na Mistrzostwach Świata 2006

Kliknij tutaj aby rozwiązać quiz!

Ogólne statystyki

  • Ten quiz został rozwiązany 43 razy
  • Średni wynik to 25 z 32

Statystyki odpowiedzi

Grupa A% Poprawnych
Niemcy
100%
Polska
100%
Japonia
97%
Portugalia
97%
Stany Zjednoczone
97%
Włochy
97%
Argentyna
95%
Brazylia
95%
Francja
95%
Hiszpania
95%
Anglia
92%
Meksyk
92%
Korea Południowa
90%
Holandia
87%
Australia
82%
Ekwador
82%
Kostaryka
82%
Szwecja
82%
Czechy
77%
Chorwacja
74%
Ghana
72%
Paragwaj
72%
Szwajcaria
72%
Ukraina
67%
Tunezja
64%
Arabia Saudyjska
59%
Iran
59%
Wybrzeże Kości Słoniowej
59%
Angola
36%
Trynidad i Tobago
36%
Togo
33%
Serbia i Czarnogóra
31%

Rozkład punktacji

Percentyl według liczby udzielonych odpowiedzi

Procent ludzi z każdym wynikiem

Twoja historia wyników

Nie rozwiązałeś tego quizu